| 000 | 00632nam a2200217 a 4500 | ||
|---|---|---|---|
| 001 | 39786 | ||
| 003 | Mx-PuUPA | ||
| 005 | 20260115130351.0 | ||
| 008 | 140415s1999 mx 000 0 spa d | ||
| 020 | _a9688633089 | ||
| 040 | _cMx-PuUPA | ||
| 041 | _aspa | ||
| 082 |
_a720.972482 _bCAS |
||
| 100 | 1 | _aCASTRO MORALES, OLIVA | |
| 245 | 1 | 3 | _aLA CASA DEL CAPITAN MUNUERA EN LA CIUDAD DE PUEBLA |
| 260 |
_aMEXICO : _bBENEMERITA UNIVERSIDAD AUTONOMA DE PUEBLA, _c1999 |
||
| 300 |
_a56 _cx 11 x 17 |
||
| 490 | _aTERCER MILENIO.-- ( COLEC. PUEBLA ) | ||
| 650 | 1 | 4 |
_aARQUITECTURA POBLANA _xVIVIENDA _xPUEBLA ( CIUDAD ) |
| 942 |
_2ddc _cLI |
||
| 999 |
_c39786 _d39786 |
||